The Legal environment of business (Бичлэгийн дугаар. 145514)
| 000 -УДИРДЛАГА | |
|---|---|
| Удирдлага | 00652nam a22002537a 4500 |
| 003 - ХЯНАЛТЫН ТОО ТОДОРХОЙЛОГЧ | |
| Код | MN-UlNUM |
| 005 - БИЧИЛТ ХИЙСЭН ОГНОО | |
| Тухайн бичилтийг бичсэн засварласан сүүлийн огноо | 20251119163023.0 |
| 008 - ЕРӨНХИЙ МЭДЭЭЛЭЛ | |
| Ерөнхий мэдээлэл | 251112s1990 ilua 001 0 eng |
| 020 ## - ISBN | |
| ISBN | 0256084823 |
| -- | 0256084825 |
| 040 ## - БИЧЛЭГ ҮҮСГЭГЧ БАЙГУУЛЛАГА | |
| Бичлэг үүсгэгч номын сангийн код | МУИС-ийн номын сан |
| 084 ## - ББК АНГИЛАЛ | |
| Нэмэлт тусгалт | Нэг сэдэвт бүтээл |
| ББК ангилал | 67.404 |
| Зохиогчийн гурван тэмдэгт | М 12 |
| Мэдлэгийн ялгаа | 67 - Төр эрх, хууль |
| 100 1# - ЗОХИОГЧ | |
| Зохиогчийн нэр | McCarty, F. William |
| 245 14 - ҮНДСЭН ГАРЧИГ | |
| Номын нэр | The Legal environment of business |
| 260 ## - ГАРАЛТЫН МЭДЭЭ | |
| Хэвлэгдсэн газар | Homewood, IL |
| Хэвлэлийн газар | Irwin |
| Хэвлэгдсэн он | 1990 |
| 300 ## - МАТЕРИАЛЫН ТОДОРХОЙЛОЛТ | |
| хуудасны тоо | xxvi, 790, [63] p. : |
| Бусад тоон мэдээлэл | ill. ; |
| Хэмжээ | 24 cm |
| 500 ## - Тайлбар | |
| Дансны дугаар | БС 3812 |
| 546 ## - ХЭЛНИЙ ТУХАЙ МЭДЭЭ | |
| Хэл | Англи хэл дээр, |
| 653 ## - Түлхүүр үг | |
| Түлхүүр үг | law |
| 653 ## - Түлхүүр үг | |
| Түлхүүр үг | commercial law |
| 653 ## - Түлхүүр үг | |
| Түлхүүр үг | industrial laws |
| 700 ## - ХАМ ЗОХИОГЧИД | |
| Ба бус | Bagby, John W |
| 942 ## - ЭЛЕМЕНТИЙН ТӨРӨЛ | |
| Зүйлийн төрөл | Ном |
